|
|
|
|
| LEADER |
00000cam a2200000 i 4500 |
| 001 |
EBOOKCENTRAL_on1202479203 |
| 003 |
OCoLC |
| 005 |
20240329122006.0 |
| 006 |
m o d |
| 007 |
cr cnu---unuuu |
| 008 |
201031s2012 mau ob 000 0 eng d |
| 040 |
|
|
|a EBLCP
|b eng
|e rda
|e pn
|c EBLCP
|d EBLCP
|d YDXIT
|d N$T
|d OCLCO
|d UV1
|d OCLCF
|d OCLCQ
|d OCLCO
|d OCLCQ
|d YWS
|d OCLCQ
|d OCLCO
|
| 019 |
|
|
|a 986563899
|
| 020 |
|
|
|a 1848881061
|q (electronic book)
|
| 020 |
|
|
|a 9781848881068
|q (electronic bk.)
|
| 029 |
1 |
|
|a AU@
|b 000073194632
|
| 035 |
|
|
|a (OCoLC)1202479203
|z (OCoLC)986563899
|
| 050 |
|
4 |
|a PN56.5.H45
|b R43 2012
|
| 082 |
0 |
4 |
|a 809.93352
|2 23
|
| 049 |
|
|
|a UAMI
|
| 245 |
0 |
4 |
|a The Real and the Reflected :
|b Heroes and Villains in Existent and Imagined Worlds /
|c edited by Rachel Franks and Susan E. Meindl.
|
| 264 |
|
1 |
|a Oxford :
|b Inter-Disciplinary Press,
|c [2012]
|
| 300 |
|
|
|a 1 online resource (230 pages)
|
| 336 |
|
|
|a text
|b txt
|2 rdacontent
|
| 337 |
|
|
|a computer
|b c
|2 rdamedia
|
| 338 |
|
|
|a online resource
|b cr
|2 rdacarrier
|
| 505 |
0 |
|
|a Intro -- The Real and the Reflected: Heroes and Villains in Existent and Imagined Worlds -- Table of Contents -- Introduction -- PART I: The Real and the Reflected: Acknowledging Good and Evil -- Good and Evil in Ancient Persian Festivals: An Analytical Psychological Approach -- PART II: The Real and the Reflected: Heroes and Villains in 1880 -- Messala: Roman Villain via Boss Tweed and Billy the Kid -- The Noble Villain: Ned Kelly, the Cinema and the Jerilderie Letter -- PART II: The Real: Education and Law Reform -- Framing and Attitude Appropriate Psychosocial Sex Education in America
|
| 505 |
8 |
|
|a Is There a Perfect Environment to Allow a Villain and a Villainess to Thrive? -- PART IV: The Real (and The Reel): The Villains and Victims of Conflict -- Villains and Victims: A Complex Relationship -- War and Punishment -- Behind The Hurt Locker: Target Acquired? -- PART V: The Reflected: Constructing Gender and Generating Sympathy -- Crossing Legs, Gender and Genre (Catherine Tramell: A Portrait of a Woman Writer as a Postmodern Femme Fatale) -- Positive Villains: Tarantino's Ability to Construct Negative Characters the Audience can Sympathise with on the Basis of Kill Bill
|
| 505 |
8 |
|
|a The Sympathetic Hero is an Inside Man -- PART VI: The Reflected: Villains across Genres and across Time -- Physiognomic Depictions of Heroes and Villains -- Handsome, Rich, Dangerous: The Attraction of Gothic Villains in Nineteenth-Century Literature -- Villains but no Criminals?! Selected Heroes and Villains in Fantasy Fiction for Children and Young Adults -- The Joycean Hero as a Treacherous Villain in J.M. Coetzee's Summertime -- PART VII: The Reflected: Heroes and Villains in Crime Fiction -- Visualising Villains: Crafting Criminals in Australian Crime Fiction
|
| 505 |
8 |
|
|a 'Cossacks, whose Brutality was Fiendish': Russians as Villains in English-Language Fiction in the 1880s and 1890s -- Villainy and Physiognomy: Identifying the Dangerous Foreigner in Sherlock Holmes -- Philip Marlowe: The (In)Different Threshold -- The Adorable Mr Ripley: Crime and Morality in Patricia Highsmith's Suspense Fiction
|
| 588 |
0 |
|
|a Online resource; title from digital title page (viewed on July 22, 2021).
|
| 504 |
|
|
|a Includes bibliographical references.
|
| 590 |
|
|
|a ProQuest Ebook Central
|b Ebook Central Academic Complete
|
| 650 |
|
0 |
|a Heroes in literature.
|
| 650 |
|
0 |
|a Villains in literature.
|
| 650 |
|
0 |
|a Heroes in mass media.
|
| 650 |
|
0 |
|a Villains in mass media.
|
| 650 |
|
6 |
|a Héros dans la littérature.
|
| 650 |
|
6 |
|a Méchants dans la littérature.
|
| 650 |
|
6 |
|a Héros dans les médias.
|
| 650 |
|
6 |
|a Méchants dans les médias.
|
| 650 |
|
7 |
|a Heroes in literature
|2 fast
|
| 650 |
|
7 |
|a Heroes in mass media
|2 fast
|
| 650 |
|
7 |
|a Villains in literature
|2 fast
|
| 650 |
|
7 |
|a Villains in mass media
|2 fast
|
| 700 |
1 |
|
|a Franks, Rachel.
|
| 700 |
1 |
|
|a Meindl, Susan.
|
| 776 |
0 |
8 |
|i Print version:
|a Franks, Rachel.
|t Real and the Reflected: Heroes and Villains in Existent and Imagined Worlds.
|d Boston : BRILL, ©2020
|z 9789004403697
|
| 856 |
4 |
0 |
|u https://ebookcentral.uam.elogim.com/lib/uam-ebooks/detail.action?docID=6371599
|z Texto completo
|
| 938 |
|
|
|a ProQuest Ebook Central
|b EBLB
|n EBL6371599
|
| 938 |
|
|
|a EBSCOhost
|b EBSC
|n 2651734
|
| 994 |
|
|
|a 92
|b IZTAP
|